【サドンデス】実在する大手私鉄の路線名 - Statistics

General Stats
  • This quiz has been taken 2,325 times
  • The average score is 6 of 25
Answers on the Grid
Answers color-coded by a green-red scale on the quiz's grid according to % correct below.
桐生線
宇都宮線
本線
豊島線
山口線
井の頭線
逗子線
新宿線
名古屋本線
河和線
瀬戸線
名古屋線
山田線
長野線
半蔵門線
箕面線
京都本線
和歌山港線
天神大牟田線
貝塚線
高野線
橿原線
宇治線
大阪線
田園都市線
伊勢湾線
大泉線
成田線
ちはら台線
金山線
玉川線
競輪場線
高尾登山線
井ノ頭線
小田急線
トー横線
九十九里浜線
丸の内線
三田線
豊橋線
大山線
大垣線
八王子線
上田線
町田線
苦楽園線
あおなみ線
大宰府線
りんくう線
伊勢志摩線
 
Answer Stats
Answer % Correct
田園都市線
40%
井の頭線
38%
半蔵門線
35%
本線
33%
名古屋本線
33%
大阪線
29%
新宿線
28%
名古屋線
28%
瀬戸線
27%
高野線
27%
天神大牟田線
26%
橿原線
26%
逗子線
25%
宇都宮線
24%
京都本線
24%
河和線
23%
宇治線
23%
山田線
21%
貝塚線
21%
山口線
20%
箕面線
20%
和歌山港線
20%
長野線
18%
桐生線
17%
豊島線
14%
No matching quizzes found
Score Distribution
Percent of People with Each Score
Percentile by Number Answered
Your Score History
You have not taken this quiz